|
|
|
|
| LEADER |
00000nab a2200000 a 4500 |
| 001 |
vtls000054121 |
| 003 |
SK-MaSNL |
| 005 |
20260304074740.0 |
| 008 |
250423c1979 xo 0 slo |
| 015 |
|
|
|a SNBRB19rr/mm-uuuuu
|
| 035 |
|
|
|a CL0064218
|
| 035 |
|
|
|a urn:nbn:sk:snk-ab7ivt
|
| 035 |
|
|
|a (urnnbn)urn:nbn:sk:snk:ar-005xhx
|
| 035 |
|
|
|a (uuid)901d97ac-e649-44bb-af6e-2f89965978ff
|
| 040 |
|
|
|a SNKBUCL
|b slo
|c SNKBUCL
|e AACR2
|
| 041 |
0 |
|
|a eng
|
| 044 |
|
|
|a xo
|c SK
|
| 080 |
|
|
|a 547
|2 1981
|
| 080 |
|
|
|a 543
|2 1981
|
| 080 |
|
|
|a 541
|2 1981
|
| 100 |
1 |
|
|a Zikmund, Miroslav,
|d 1921-2023
|4 aut
|9 100214
|
| 245 |
1 |
0 |
|a Thermogravimetric and spectral study of some chloro (nitrile) titanium (III) complexes
|c M. Zikmund, A. Valent, M. Kohútová
|
| 300 |
|
|
|b Obr. 8. Tb. 1. Res. angl., rus.
|
| 650 |
0 |
7 |
|a komplexy Ti?III.-chlornitril
|2 snkbucl
|9 1364554
|
| 650 |
0 |
7 |
|a intermediáty
|2 snkbucl
|9 1363123
|
| 650 |
0 |
7 |
|a spektrá difúzne odrazové
|2 snkbucl
|9 1361276
|
| 650 |
0 |
7 |
|a susceptibilita magnetická
|2 snkbucl
|9 922965
|
| 655 |
|
7 |
|a články z novín a časopisov
|2 snkbucl
|9 267496
|
| 700 |
1 |
|
|a Valent, Aladár,
|d 1941-
|4 aut
|9 202774
|
| 700 |
1 |
|
|a Kohútová, M.
|4 aut
|9 836829
|
| 773 |
0 |
|
|t Chemické zvesti
|g Roč. 33, č. 2 (1979), s. 217-228
|
| 850 |
|
|
|a Slovenská národná knižnica
|
| 852 |
|
|
|a Slovenská národná knižnica
|
| 958 |
|
|
|a article7
|
| 958 |
|
|
|a RK
|
| 958 |
|
|
|a OND
|
| 958 |
|
|
|a EUIPO
|
| 992 |
|
|
|a RBX
|
| 999 |
|
|
|c 2777807
|d 2779737
|